| 000 | 00671cam a22001457a 4500 | ||
|---|---|---|---|
| 008 | 180718b1997 xxu||||| |||| 00| 0 eng d | ||
| 082 | _aA81x54 91/1/PT 5/D/4/PT 1 | ||
| 100 | _aCensus of India 1991 | ||
| 245 | _aIndia: migration tables | ||
| 260 |
_aDelhi _bThe Controller of Publications _c1997 |
||
| 300 | _a797+p. | ||
| 440 | _aCensus of India 1991. Series-1, India. Part V - D series. Volume 4, Part 1. | ||
| 500 | _aContents: Table D - 4. India, Andhra Pradesh, Arunachal Pradesh, Assam, Bihar, Goa, Gujarat, Haryana, Himachal Pradesh, Karnataka, Kerala, Madhya Pradesh, Maharashtra, Manipur, Meghalaya and Mizoram | ||
| 650 | _aIndia - Migration, Internal - Census | ||
| 999 |
_c481633 _d481633 |
||